| 000 | nam a22 a 4500 | ||
|---|---|---|---|
| 999 |
_c3236 _d3236 |
||
| 003 | AKMAL | ||
| 005 | 20170522092550.0 | ||
| 008 | 170522s2000 my 00 eng d | ||
| 020 |
_a9679787249 (pbk.): _cRM23.00 |
||
| 040 | _aAKMAL | ||
| 082 | 0 | 4 |
_a658.314 POH _221 |
| 090 | 0 | 0 |
_a658.314 _bPOH |
| 100 | 1 |
_aPoh, Teck Lim _96637 |
|
| 245 | 1 | 0 |
_aMindful challenges towards peak perfomance / _cPoh Teck Lim |
| 260 |
_aSubang Jaya : _bPelanduk Publications, _c2000 |
||
| 300 | 0 | 0 |
_a164p. : _bill. ; _c22cm |
| 650 | 0 |
_aEmployee motivation _92790 |
|
| 650 | 0 |
_aPersonnel management _9602 |
|
| 942 |
_2ddc _cBOOK |
||